000 00544nam a2200169 i 4500
001 83599
003 ES-MaACL
005 20230906174848.0
007 t|
008 041117s1962 sp ||||1| spa d
100 1 _aIsambert, André.
_965531
245 1 3 _aLa educación de los padres /
_cAndré Isambert ; traducción directa del original por María Bages de Brachfeld.
260 _aBarcelona :
_bLuis Miracle,
_c[1962]
300 _a233 p. ;
_c19 cm.
700 1 _aBages de Brachfeld, María.
_924633
852 _aES-MaACL
_jC-23534
_bR.52241
999 _c83599
_d83599